000 00757nam a2200277Ia 4500
005 20250425162041.0
008 250425s9999 xx 000 0 und d
020 _a9684500025
041 _aspa
082 _a664
100 _aJAMIESON, JOHN A.
245 0 _aMANEJO DE LOS ALIMENTOS: ECOLOGIA DEL ALMACENAMIENTO
250 _a1A ED.
260 _aMEXICO
260 _aMéxico
_bPAX-MEXICO
_c1975
300 _a195
500 _aConsultar inv.22321 v.1 en BIBTEC
500 _aTítulo Traducido: FOOD STORAGE MANUAL. STORAGE THEORY
650 _aCONSERVACION DE ALIMENTOS
650 _aMICROBIOLOGIA DE ALIMENTOS
650 _aPROPIEDADES FISICAS
650 _aROEDORES
700 _aJOBBER, PETER
942 _c01
010 _a43408
999 _c221347
_d221347